MARC details
| 000 -CABECERA |
| campo de control de longitud fija |
01813cam a2200337 a 4500 |
| 001 - NÚMERO DE CONTROL |
| campo de control |
000004891 |
| 005 - FECHA Y HORA DE LA ÚLTIMA TRANSACCIÓN |
| campo de control |
20200929151528.0 |
| 008 - DATOS DE LONGITUD FIJA--INFORMACIÓN GENERAL |
| campo de control de longitud fija |
800818s1983 pr b s101 1 spa |
| 020 ## - NÚMERO INTERNACIONAL ESTÁNDAR DEL LIBRO |
| Número Internacional Estándar del Libro |
0847700577 (pbk.) |
| 040 ## - FUENTE DE LA CATALOGACIÓN |
| Centro catalogador/agencia de origen |
DO-SdBNP |
| Centro/agencia transcriptor |
DLC |
| Centro/agencia modificador |
DLC |
| 082 ## - NÚMERO DE LA CLASIFICACIÓN DECIMAL DEWEY |
| Número de clasificación |
923.97295 |
| Número de documento/Ítem |
L792LzB |
| 245 00 - MENCIÓN DE TÍTULO |
| Título |
Luis Llorens Torres en su centenario / |
| Mención de responsabilidad, etc. |
Edwin Figueroa Berrios ... [et al.]. |
| 260 ## - PUBLICACIÓN, DISTRIBUCIÓN, ETC. |
| Lugar de publicación, distribución, etc. |
Rio Piedras, Puerto Rico : |
| Nombre del editor, distribuidor, etc. |
Universidad de Puerto Rico, |
| Fecha de publicación, distribución, etc. |
1983. |
| 300 ## - DESCRIPCIÓN FÍSICA |
| Extensión |
xii, 67 p. ; |
| Dimensiones |
18 cm. |
| 490 1# - MENCIÓN DE SERIE |
| Mención de serie |
Uprex ; |
| Designación de volumen o secuencia |
no. 57 |
| 490 1# - MENCIÓN DE SERIE |
| Mención de serie |
Estudios literarios |
| Designación de volumen o secuencia |
no. 57 |
| 500 ## - NOTA GENERAL |
| Nota general |
"Ponencias presentadas en el foro sobre el poeta ... auspiciado por el Seminario de Estudios Hispánicos 'Federico de Onís' en la Fiesta de la Lengua y celebrado el 22 de abril de 1975, en la sede del Instituto de Cultura Puertorriqueña, San Juan, Puerto Rico"--P. [v] |
| 505 0# - NOTA DE CONTENIDO CON FORMATO |
| Nota de contenido con formato |
Reyes, E. La décima es Luis Llorens Torres .-- Núñez, A. El antillanismo en Llorens .-- Vásquez de Arce, M. El lenguaje poético de Luis Llorens Torres .-- Corretjer, JA Las condiciones de Luis Llorens Torres. - Caraballo de Abréu, D. La prosa de Luis Llorens Torres. |
| 504 ## - NOTA DE BIBLIOGRAFÍA, ETC. |
| Nota de bibliografía, etc. |
Incluye referencias bibliográficas y notas al pie de las páginas |
| 600 14 - PUNTO DE ACCESO ADICIONAL DE MATERIA--NOMBRE DE PERSONA |
| Nombre de persona |
LLORENS TORRES, LUIS, |
| Fechas asociadas al nombre |
1876-1944 |
| Subdivisión general |
CRÍTICA E INTERPRETACIÓN |
| -- |
CONGRESOS |
| 9 (RLIN) |
14147 |
| 650 #4 - PUNTO DE ACCESO ADICIONAL DE MATERIA--TÉRMINO DE MATERIA |
| Término de materia o nombre geográfico como elemento de entrada |
Literatura puertorriqueña |
| 9 (RLIN) |
250 |
| 700 1# - PUNTO DE ACCESO ADICIONAL--NOMBRE DE PERSONA |
| Nombre de persona |
Figueroa Berríos, Edwin. |
| 9 (RLIN) |
14148 |
| 700 1# - PUNTO DE ACCESO ADICIONAL--NOMBRE DE PERSONA |
| Nombre de persona |
Reyes, Ediwn. |
| 9 (RLIN) |
14149 |
| 700 1# - PUNTO DE ACCESO ADICIONAL--NOMBRE DE PERSONA |
| Nombre de persona |
Núñez, Apolinar. |
| 9 (RLIN) |
14150 |
| 700 1# - PUNTO DE ACCESO ADICIONAL--NOMBRE DE PERSONA |
| Nombre de persona |
Vásquez, Margot Arce de. |
| 9 (RLIN) |
14151 |
| 700 1# - PUNTO DE ACCESO ADICIONAL--NOMBRE DE PERSONA |
| Nombre de persona |
Corretjer, Juan Antonio. |
| 9 (RLIN) |
11318 |
| 700 1# - PUNTO DE ACCESO ADICIONAL--NOMBRE DE PERSONA |
| Nombre de persona |
Caraballo de Abréu, Daisy. |
| 9 (RLIN) |
14152 |
| 710 1# - PUNTO DE ACCESO ADICIONAL--NOMBRE DE ENTIDAD CORPORATIVA |
| Nombre de entidad corporativa o nombre de jurisdicción como elemento de entrada |
Puerto Rico. |
| Unidad subordinada |
University. |
| Título de la obra |
Seminario de Estudios Hispanicos. |
| 9 (RLIN) |
14153 |
| 830 #0 - PUNTO DE ACCESO ADICIONAL DE SERIE-TÍTULO UNIFORME |
| Título uniforme |
Uprex ; |
| Designación de volumen o secuencia |
no. 57 |
| Nombre de parte o sección de la obra |
Estudios literarios |
| 9 (RLIN) |
14154 |
| 910 ## - DATOS DE OPCIÓN DEL USUARIO (OCLC) |
| Datos de opción del usuario |
Catalogación por copia / LC |